| Tag |
First Indicator |
Second Indicator |
Subfields |
| LEADER |
00000cam a22000008a 4500 |
| 001 |
in00000740421 |
| 005 |
20151016084514.0 |
| 008 |
870819s1988 nju b 00100 eng |
| 010 |
|
|
|a 87019229
|
| 020 |
|
|
|a 0887381618
|
| 035 |
|
|
|a (OCoLC)16648060
|
| 035 |
|
|
|9 ADG9629AM
|
| 040 |
|
|
|a DLC
|c DLC
|d TXA
|d UtOrBLW
|
| 049 |
|
|
|a TXAM
|c [A11657752]
|
| 050 |
0 |
0 |
|a JC497
|b .S73 1987
|
| 050 |
|
4 |
|a JC497
|b .S73 1988
|
| 082 |
0 |
|
|a 320.2
|2 19
|
| 245 |
0 |
0 |
|a State formation and political legitimacy /
|c edited by Ronald Cohen and Judith D. Toland.
|
| 264 |
|
1 |
|a New Brunswick, U.S.A. :
|b Transaction Books,
|c [1988]
|
| 264 |
|
4 |
|c ©1988
|
| 300 |
|
|
|a vii, 204 pages
|
| 336 |
|
|
|a text
|b txt
|2 rdacontent
|
| 337 |
|
|
|a unmediated
|b n
|2 rdamedia
|
| 338 |
|
|
|a volume
|b nc
|2 rdacarrier
|
| 490 |
1 |
|
|a Political anthropology ;
|v vol. 6
|
| 504 |
|
|
|a Includes bibliographies and index.
|
| 650 |
|
0 |
|a Legitimacy of governments.
|
| 650 |
|
0 |
|a State, The.
|
| 650 |
|
0 |
|a Authority.
|
| 700 |
1 |
|
|a Cohen, Ronald.
|
| 700 |
1 |
|
|a Toland, Judith D.
|q (Judith Drick)
|
| 830 |
|
0 |
|a Political anthropology (New Brunswick, N.J.) ;
|v v.6.
|
| 999 |
|
|
|a MARS
|
| 999 |
f |
f |
|s c0703f24-d05e-3b2d-8a56-ef8ceec3fb29
|i a01be21e-2904-3cc0-8c28-3544e6d4519a
|t 0
|
| 952 |
f |
f |
|p normal
|a Texas A&M University
|b College Station
|c Sterling C. Evans Library
|d Evans: Library Stacks
|t 0
|e JC497 .S73 1988
|h Library of Congress classification
|i unmediated -- volume
|m A14811657752
|
| 998 |
f |
f |
|a JC497 .S73 1988
|t 0
|l Evans: Library Stacks
|